000 00486nam a2200157Ia 4500
003 GCL
008 140319s9999 xx 000 0 ara d
040 _aGCL /
_cGCL
082 0 4 _a001.422
_bف ت
100 1 _aفتحى عبدالله فياض
245 1 0 _aالتحليل الاحصائى للبيانات الجغرافية /
_cفتحى عبدالله فياض
490 _aكتاب
_v0
650 0 4 _aالجغرافيا
650 0 4 _aالطرق الاحصائية
942 _2ddc
_cBK
999 _c41364
_d41364